|
|
|
|
| LEADER |
00652nam#a2200217#a#4500 |
| 001 |
001994 |
| 005 |
20160721142248.0 |
| 008 |
960524s1988####sz##################spa#d |
| 020 |
|
|
|a 9223066492
|
| 040 |
|
|
|a AR-BeUNQ
|
| 099 |
|
|
|a 09-R3
|
| 245 |
0 |
0 |
|a Antología del trabajo
|c Carlos Ruiz-Tagle G ; Pedro Pablo Zegers B.
|
| 260 |
|
|
|a Ginebra :
|b Prealc,
|c 1988
|
| 300 |
|
|
|a 221 p. :
|b il.
|
| 650 |
|
7 |
|a TRABAJO
|2 spines
|
| 650 |
|
7 |
|a LITERATURA (ARTE)
|2 spines
|
| 651 |
|
7 |
|a AMERICA LATINA
|2 toit
|
| 700 |
1 |
|
|a Ruiz-Tagle G, Carlos
|e comp
|4 com
|
| 929 |
|
|
|a COMPRA
|b Oficina del Libro
|c Exp. 827-0642/95
|d 15,12
|e 19951006
|j 14943
|
| 942 |
|
|
|c LIB
|n 0
|
| 999 |
|
|
|c 4795
|d 80182
|